000 01067nac a22003017a 4500
001 BR8600415
003 BR-BrBNA
005 20240105120356.0
008 230509b bl.|||m| |||| 00| 0 por d
040 _aBR-BrBNA
_bpor
_cBiblioteca Nacional de Agricultura
072 _aF01
090 _a1410 BR8600415
100 1 _aSiviero, M.E.
100 1 _aMelhoranca, A.L.
100 1 _aLeal, J.A.
110 1 _aUnidade de Execucao de Pesquisa de Ambito Estadual de Dourados, MS (Brasil)
245 1 _aEpoca de semeadura de feijao (Phaseolus vulgaris L.)em Dourados, Mato Grosso do Sul
246 1 _a[Sowing time for beans (Phaseolus vulgaris L.)in Dourados, Mato Grosso do Sul]
260 3 _aDourados, MS (Brasil):
_c1985.
300 _a10 p.
490 _aComunicado Tecnico - Unidade de Execucao de Pesquisa de Ambito Estadual de Dourados (Brazil)
_vno. 23
_xISSN 0100-8617
650 _aFEIJAO
650 _aSEMEADURA
650 _aDOURADOS
650 _aMATO GROSSO DO SUL
909 _a202312
_bLúcia Elande
_c55
_dLúcia Elande
942 _2AGRIS
_n0
_cMS
999 _c279139
_d279139